[Event "14th Padova Open"]
[Site "Padova ITA"]
[Date "2011.12.14"]
[Round "5"]
[White "Naumkin,I"]
[Black "Kosic,D"]
[Result "0-1"]
[WhiteElo "2432"]
[BlackElo "2502"]

1.d4 Nf6 2.c4 e6 3.Nf3 Bb4+ 4.Bd2 a5 5.g3 d6 6.Bg2 Nbd7 7.Nc3 e5 8.O-O O-O
9.d5 Nc5 10.a3 Bxc3 11.Bxc3 a4 12.Nd2 Bf5 13.f3 Qe7 14.e4 Bd7 15.Kh1 b5 16.Qc2 bxc4
17.Nxc4 Bb5 18.Bb4 Nb3 19.Rae1 Nd7 20.Rf2 Ndc5 21.Bf1 Rab8 22.f4 f6 23.Bc3 Qd7
24.f5 Qc8 25.g4 Qa6 26.Bb4 Nd7 27.Rg2 Rbc8 28.Ne3 Bxf1 29.Rxf1 c5 30.dxc6 Rxc6
31.Bc3 h6 32.Rfg1 Nb6 33.h4 Kf7 34.Nd5 Nxd5 35.exd5 Rc4 36.Rh2 Rh8 37.g5 hxg5
38.hxg5 Rch4 39.Rg2 Rxh2+  0-1

[Event "78th ch-BRA"]
[Site "Campinas BRA"]
[Date "2011.12.19"]
[Round "10"]
[White "Leitao,R"]
[Black "Jatoba de Oliveira Reis,P"]
[Result "1-0"]
[WhiteElo "2626"]
[BlackElo "2438"]

1.d4 e6 2.c4 Nf6 3.Nf3 Bb4+ 4.Bd2 Qe7 5.g3 Nc6 6.Nc3 Bxc3 7.Bxc3 Ne4 8.Rc1 O-O
9.Bg2 d6 10.d5 Nxc3 11.Rxc3 Nb8 12.dxe6 fxe6 13.O-O Nd7 14.Qd2 Nf6 15.Ng5 Rb8
16.Ne4 a5 17.Nxf6+ Rxf6 18.e4 b6 19.e5 dxe5 20.Re1 Ba6 21.Rxe5 Qd6 22.Qe1 Rbf8
23.Re2 Qc5 24.b3 a4 25.Rce3 axb3 26.axb3 Qa3 27.Bc6 Qc5 28.Bg2 Qa3 29.h4 Bc8
30.Bh3 h6 31.Qc3 Qd6 32.Rd2 Qc5 33.Rde2 Qd6 34.Qe1 Qa3 35.b4 Qa4 36.Bxe6+ Bxe6
37.Rxe6 R6f7 38.Re7 Rxe7 39.Rxe7 c5 40.bxc5 bxc5 41.Qe6+ Kh8 42.Qd5 Qa1+
43.Kg2 Qf6 44.Re2 Rc8 45.Qe6 Qf8 46.Re5 Rd8 47.Qf5 Qd6 48.Rxc5 Qb6 49.Re5 Qb4
50.Qe4 Qb8 51.c5 Rf8 52.Re6 Qb2 53.Qe3 Qb5 54.Re5 Qb7+ 55.Qe4 Qb2 56.Rf5 Rc8
57.Qf3 Qb8 58.c6 Qd6 59.Rd5 Qxc6 60.Rd8+ Kh7 61.Rxc8 Qxc8 62.Qd5 Qc2 63.Kf3 Qc3+
64.Kf4 Kh8 65.Qa8+ Kh7 66.Qe4+ Kg8 67.Kg4 Qc8+ 68.Qf5 Qc4+ 69.Kh3 Qf1+ 70.Kh2 Qc4
71.h5 Qc6 72.g4 Qd6+ 73.Kg2 Qd4 74.Qe6+ Kf8 75.Kg3 Qa1 76.f3 Qg1+ 77.Kf4 Qd4+
78.Kf5 Qd3+ 79.Kf4 Qd4+ 80.Qe4 Qd2+ 81.Qe3 Qd6+ 82.Qe5 Qd2+ 83.Kf5 Qg5+ 84.Ke4 Qc1
85.Qf4+ Qxf4+ 86.Kxf4 Ke8 87.Kf5 Kf7 88.f4 g6+ 89.hxg6+ Kg7 90.Ke6  1-0

[Event "XXIII Carlos Torre Magistral"]
[Site "Merida MEX"]
[Date "2011.12.20"]
[Round "9.5"]
[White "Ibarra Chami,L"]
[Black "Oms Pallisse,J"]
[Result "1/2-1/2"]
[WhiteElo "2480"]
[BlackElo "2482"]

1.d4 Nf6 2.c4 e6 3.Nf3 Bb4+ 4.Bd2 Qe7 5.Nc3 O-O 6.e3 Bxc3 7.Bxc3 Ne4 8.Qc2 Nxc3
9.Qxc3 d6 10.Bd3 Re8 11.O-O e5 12.Nd2 Nd7 13.Rfc1 c5 14.b4 Nf6 15.dxc5 dxc5
16.bxc5 e4 17.Bc2 Qxc5 18.Rab1 Qc7 19.Qb4 Ng4 20.Nf1 f5 21.Ba4 Rd8 22.Rd1 Rxd1
23.Bxd1 Ne5 24.Qb5 Be6 25.Qxb7 Qxb7 26.Rxb7 Bxc4 27.Bb3 Bxb3 28.axb3 g6 29.h3 a5
30.Rb5 Nd3 31.f3 exf3 32.gxf3 a4 33.bxa4 Rxa4 34.Rb3 Ne5 35.Kf2 Ra1 36.f4 Nd7
37.Nd2 Ra2 38.Rd3 Nc5 39.Rd8+ Kf7 40.Kf3 Ke6 41.Rd4 Ra1 42.Rc4 Nd7 43.Rc6+ Kd5
44.Rc3 Nf6 45.Rd3+ Ke6 46.Nb3 Rf1+ 47.Kg2 Rb1 48.Kf3 Ne4 49.Nd2 Rh1 50.Nxe4 fxe4+
51.Kxe4 Rxh3 52.Ra3 h5 53.Ra6+ Kf7 54.f5 gxf5+ 55.Kxf5  1/2-1/2

[Event "FIDE Women's World Teams"]
[Site "Mardin TUR"]
[Date "2011.12.21"]
[Round "4"]
[White "Gunina,V"]
[Black "Khurtsidze,N"]
[Result "1/2-1/2"]
[WhiteElo "2514"]
[BlackElo "2440"]

1.d4 Nf6 2.Nf3 e6 3.c4 Bb4+ 4.Bd2 Bxd2+ 5.Qxd2 d5 6.e3 O-O 7.Nc3 Qe7 8.Rc1 Rd8
9.cxd5 exd5 10.Be2 Bg4 11.b4 a6 12.O-O Nbd7 13.Na4 Ne4 14.Qb2 c6 15.Nc5 Nd6
16.Rfe1 Nb6 17.Ne5 Bxe2 18.Qxe2 f6 19.Ned3 Nbc4 20.Nf4 Qf7 21.f3 Re8 22.Qf2 a5
23.bxa5 Rxa5 24.e4 dxe4 25.Nxe4 Nxe4 26.Rxe4 Raa8 27.Rxe8+ Rxe8 28.d5 cxd5
29.Qc5 Rd8 30.Rd1 Ne5 31.Rxd5 Rxd5 32.Nxd5 Qd7 33.f4 Nc6 34.Qc4 Kh8 35.Kf2 h6
36.Qe4 f5 37.Qc4 Qd8 38.g3 Qa5 39.Ke2 Qa3 40.Ne3 Qb2+ 41.Nc2 Qc1 42.Qd3 Qh1
43.h4 Qg2+ 44.Kd1 Qg1+ 45.Kd2 Qc5 46.a3 b6 47.Qc3 Qd5+ 48.Kc1 Na5 49.Nb4 Qh1+
50.Kb2 Qg2+ 51.Nc2 Qe4 52.Qd4 Qe6 53.Qd8+ Kh7 54.Qd3 Nc4+ 55.Kc3 Nd6 56.Kb4 Ne4
57.Kb5 Qg6 58.Qd7 Nxg3 59.Nd4 Qf6 60.Ne6 Ne2 61.Ka6 b5 62.Ka5 Qb2 63.Qe7 Qc3+
64.Kb6 Nxf4 65.Nxf4 Qd4+ 66.Kxb5 Qxf4 67.a4 Qb8+ 68.Kc5 Qc8+ 69.Kb5 Qb8+
70.Kc5 Qc8+ 71.Kb5 Qb8+ 72.Kc5 Qb3 73.Qd7 Qg3 74.Qe7  1/2-1/2

[Event "FIDE Women's World Teams"]
[Site "Mardin TUR"]
[Date "2011.12.24"]
[Round "6"]
[White "Zhukova,N"]
[Black "Khurtsidze,N"]
[Result "1-0"]
[WhiteElo "2427"]
[BlackElo "2440"]

1.d4 Nf6 2.c4 e6 3.Nf3 Bb4+ 4.Bd2 Bxd2+ 5.Qxd2 d5 6.g3 c6 7.Bg2 Nbd7 8.O-O b6
9.Ne5 Bb7 10.f4 O-O 11.Nc3 c5 12.Rad1 Qe7 13.cxd5 exd5 14.Nxd7 Qxd7 15.dxc5 bxc5
16.Nxd5 Bxd5 17.Bxd5 Rad8 18.e4 Nxe4 19.Qa5 Nd6 20.Qxc5 h5 21.Rd3 h4 22.Rfd1 Qf5
23.Qc6 Rfe8 24.Bf3 Re1+ 25.Rxe1 Qxd3 26.Qd5 Qc2 27.Re2 Qc1+ 28.Kg2 Qc8 29.g4 Qb8
30.Qb3 Nb5 31.Re5 a6 32.Bd5 Qc7 33.a4 Nd6 34.Qc3 Qd7 35.Rg5 Ne8 36.a5 Rc8
37.Qd3 Qc7 38.Re5 Nf6 39.Bf3 Qc1 40.Qxa6 Rc2+ 41.Re2 h3+ 42.Kg3 Rc4 43.Qd6 Qg1+
44.Kh4 Rd4 45.Qb8+ Kh7 46.Qe5 Qf1 47.Qe3 Rd6 48.a6 Rxa6 49.Qd3+ g6 50.Qxa6 Qxf3
51.Qxf6 Qxe2 52.Qxf7+ Kh8 53.Kg5 Qe5+ 54.Qf5 Qxb2 55.Qf6+  1-0

[Event "48th Groningen Open A"]
[Site "Groningen NED"]
[Date "2011.12.30"]
[Round "9.14"]
[White "Clemens,A"]
[Black "Van Assendelft,F"]
[Result "0-1"]
[WhiteElo "2226"]
[BlackElo "2357"]

1.d4 Nf6 2.c4 e6 3.Nf3 Bb4+ 4.Bd2 Qe7 5.g3 O-O 6.Bg2 Ne4 7.O-O Nxd2 8.Nbxd2 Bxd2
9.Qxd2 d6 10.Qc3 Nc6 11.d5 Nd8 12.dxe6 Nxe6 13.b4 Bd7 14.Nh4 Nf4 15.gxf4 Qxh4
16.Qg3 Qf6 17.b5 Rae8 18.e3 b6 19.Qf3 Bf5 20.Qc6 Bd3 21.Rfd1 Qg6 22.Kh1 Be4
23.Bxe4 Qxe4+ 24.Qxe4 Rxe4 25.Rac1 a5 26.a4 f5 27.Kg2 Kf7 28.Kf3 Rfe8 29.h4 R8e6
30.Rd5 Kf6 31.Rc2 Re7 32.Rc1 g6 33.Rc3 h6 34.Rd1 g5 35.fxg5+ hxg5 36.hxg5+ Kxg5
37.Rcc1 Kf6 38.Rc3 Rh4 39.Rdc1 Ke5 40.Rd1 Rh3+ 41.Kg2 Reh7 42.Rcc1 Rh2+ 43.Kf3 R7h3+
44.Ke2 f4 45.exf4+ Kxf4 46.c5 bxc5 47.b6 cxb6 48.Rxd6 Re3+ 49.Kf1 Rh1+ 50.Kg2 Rxc1
51.fxe3+ Kxe3 52.Rxb6 Ra1 53.Rb5 c4 54.Rxa5 c3 55.Rc5 Kd4 56.Rc8 Rxa4 57.Kf2 Kd3
58.Rd8+ Rd4 59.Rxd4+ Kxd4 60.Ke1 Ke3  0-1

[Event "TCh-ISR 2011-12"]
[Site "Israel ISR"]
[Date "2011.12.30"]
[Round "3.4"]
[White "Golod,V"]
[Black "Liss,E"]
[Result "0-1"]
[WhiteElo "2570"]
[BlackElo "2470"]

1.d4 Nf6 2.c4 e6 3.Nf3 Bb4+ 4.Bd2 Qe7 5.g3 Nc6 6.Bg2 Bxd2+ 7.Nbxd2 d6 8.O-O a5
9.e4 e5 10.d5 Nb8 11.Ne1 b6 12.b3 c6 13.Nc2 cxd5 14.cxd5 Ba6 15.Re1 h5 16.Ne3 g6
17.h4 O-O 18.a3 Ne8 19.b4 Ng7 20.Rc1 f5 21.exf5 gxf5 22.Nec4 Bxc4 23.Rxc4 b5
24.Rc3 axb4 25.axb4 Nd7 26.Rc7 e4 27.Qe2 Qd8 28.Rec1 Ne5 29.Rb7 Rc8 30.Ra1 Ra8
31.Rc1 Rc8 32.Rxc8 Qxc8 33.Qxb5 Qc1+ 34.Nf1 f4 35.gxf4 Qxf4 36.Qb6 Ng4 37.Re7 Nxf2
38.Qe3 Qxh4 39.Rc7 Ng4 40.Qd2 e3 41.Qc2 Qf6 42.Rc4 Nf5 43.Rf4 Qg5 44.Re4 Nf6
45.Rc4 h4 46.Kh1 Nh5 47.Bf3 Nhg3+ 48.Nxg3 Nxg3+ 49.Kh2 Rxf3 50.Rc8+ Kg7 51.Rc7+ Kf6  0-1

[Event "Cracovia Open A"]
[Site "Krakow POL"]
[Date "2011.12.31"]
[Round "5.3"]
[White "Moranda,W"]
[Black "Stupak,K"]
[Result "1/2-1/2"]
[WhiteElo "2568"]
[BlackElo "2503"]

1.d4 e6 2.Nf3 Nf6 3.c4 Bb4+ 4.Bd2 Bxd2+ 5.Qxd2 O-O 6.g3 d5 7.Bg2 c6 8.O-O Nbd7
9.Qc2 b6 10.Nbd2 Bb7 11.e4 dxe4 12.Nxe4 Nxe4 13.Qxe4 Qc7 14.Ne5 Nxe5 15.dxe5 Rad8
16.Rfd1 Ba8 17.Qe3 c5 18.Bxa8 Rxa8 19.Rd6 Qd8  1/2-1/2

[Event "Northern California International"]
[Site "Fremont USA"]
[Date "2012.01.02"]
[Round "1"]
[White "Lobo,Ri1"]
[Black "Shahade,G"]
[Result "0-1"]
[WhiteElo "2251"]
[BlackElo "2463"]

1.d4 Nf6 2.c4 e6 3.Nf3 Bb4+ 4.Bd2 Qe7 5.Nc3 O-O 6.Qc2 d5 7.e3 Nbd7 8.a3 Bxc3
9.Bxc3 b6 10.cxd5 exd5 11.Bb5 Bb7 12.O-O Ne4 13.Rac1 Rac8 14.Qa4 c6 15.Qxa7 Nb8
16.Bd3 Qc7 17.Qa4 Nd7 18.Rfd1 Rfe8 19.Be1 Qd6 20.Nd2 Nef6 21.Bf5 g6 22.Bh3 Ra8
23.Qc2 Nf8 24.g3 Ne6 25.Bg2 h5 26.Nf3 Nd7 27.h4 Rac8 28.Qd3 Qe7 29.Bc3 Ra8
30.Qc2 Qf6 31.Ne5 Nxe5 32.dxe5 Qe7 33.f4 Ng7 34.e4 dxe4 35.Bxe4 c5 36.Bxb7 Qxb7
37.Qg2 Qc7 38.g4 Qc8 39.f5 hxg4 40.f6 Nh5 41.Rd6 Ra4 42.Rcd1 Nf4 43.Qc2 Nh3+
44.Kg2 Qa8+ 45.Kh2 Rf4 46.R1d2 g3+ 47.Kxh3 Qh1+ 48.Kxg3 Qf3+  0-1

[Event "Cracovia Open A"]
[Site "Krakow POL"]
[Date "2012.01.02"]
[Round "7.5"]
[White "Baryshpolets,A"]
[Black "Stupak,K"]
[Result "1/2-1/2"]
[WhiteElo "2477"]
[BlackElo "2503"]

1.d4 e6 2.Nf3 Nf6 3.c4 Bb4+ 4.Bd2 a5 5.g3 b6 6.Bg2 Bb7 7.O-O Bxd2 8.Nbxd2 d6
9.Qc2 O-O 10.e4 Nbd7 11.b3 e5 12.Rad1 Re8 13.Rfe1 Qe7 14.a3 Nf8 15.b4 axb4
16.axb4 c5 17.d5 Bc8 18.h3 Bd7 19.Ra1 Reb8 20.Qb2 Ng6 21.Ra3 Qd8 22.Rea1 Ne8
23.b5 Rxa3 24.Rxa3 Ra8 25.Qa1 Nc7 26.Nb1 Rxa3 27.Qxa3 Qa8 28.Qxa8+ Nxa8 29.Nc3 Ne7
30.Ne1  1/2-1/2

[Event "24th Staufer-Open"]
[Site "Schwaebisch Gmuend GER"]
[Date "2012.01.02"]
[Round "1"]
[White "Mager,D"]
[Black "Ikonnikov,Vy"]
[Result "0-1"]
[WhiteElo "1906"]
[BlackElo "2531"]

1.d4 Nf6 2.c4 e6 3.Nf3 Bb4+ 4.Bd2 Qe7 5.g3 Nc6 6.Bg2 Bxd2+ 7.Nbxd2 d6 8.e4 e5
9.d5 Nb8 10.O-O a5 11.Ne1 O-O 12.Nd3 Bg4 13.Qc2 Be2 14.Rfe1 Bxd3 15.Qxd3 Na6
16.Qc3 Nc5 17.f4 Nfd7 18.Bh3 c6 19.Bxd7 Nxd7 20.Rac1 f5 21.exf5 Rxf5 22.Qd3 Qf8
23.dxc6 bxc6 24.Ne4 exf4 25.Nxd6 Rg5 26.Qd2 fxg3 27.Ne4 gxh2+ 28.Kxh2 Rh5+
29.Kg2 Qf5 30.Rc3 Ne5 31.Qf2 Rh2+ 32.Kxh2 Ng4+ 33.Kg2 Nxf2 34.Rf3 Qxe4 35.Rxe4 Nxe4  0-1

[Event "ch-AUS 2011-12"]
[Site "North Geelong AUS"]
[Date "2012.01.03"]
[Round "7.12"]
[White "Liu,Yi"]
[Black "Matheson,L"]
[Result "1-0"]
[WhiteElo "2039"]
[BlackElo "2126"]

1.d4 Nf6 2.c4 e6 3.Nf3 Bb4+ 4.Bd2 c5 5.e3 O-O 6.Bd3 Nc6 7.O-O d6 8.Nc3 e5
9.dxe5 dxe5 10.Qc2 Bg4 11.a3 Ba5 12.Rad1 Bc7 13.Nd5 Nxd5 14.cxd5 Ne7 15.Bc3 Bxf3
16.gxf3 Bd6 17.Bxh7+ Kh8 18.Qe4 g6 19.f4 Nf5 20.fxe5 Qg5+ 21.Qg2 Qxg2+ 22.Kxg2 Bb8
23.Bxg6 fxg6 24.d6 Kg8 25.e4 Ng7 26.f4 b6 27.Kg3 a5 28.Kg4 Ra7 29.f5 Raf7
30.d7 Bc7 31.e6 gxf5+ 32.exf5 Rxf5 33.Bxg7 Rxf1 34.Rxf1 Kxg7 35.e7 Rxf1 36.e8=Q Rg1+
37.Kh5  1-0

[Event "24th Staufer-Open"]
[Site "Schwaebisch Gmuend GER"]
[Date "2012.01.03"]
[Round "3"]
[White "Braun,P"]
[Black "Ikonnikov,Vy"]
[Result "0-1"]
[WhiteElo "2203"]
[BlackElo "2531"]

1.d4 Nf6 2.c4 e6 3.Nf3 Bb4+ 4.Bd2 Qe7 5.g3 Nc6 6.Nc3 O-O 7.Bg2 d5 8.a3 Bxc3
9.Bxc3 a5 10.b3 Rd8 11.Qc2 a4 12.b4 dxc4 13.e4 Na7 14.O-O Nb5 15.Rfe1 Nxc3
16.Qxc3 b5 17.Rad1 Bb7 18.Qc2 Nd7 19.e5 Nf8 20.h4 Rd7 21.Qc1 Bd5 22.Qe3 f5
23.exf6 gxf6 24.Bh3 Rad8 25.Nh2 Qg7 26.Ng4 Rd6 27.h5 Bb7 28.Kh2 e5 29.Nh6+ Kh8
30.Nf5 Qf7 31.Nxd6 cxd6 32.dxe5 fxe5 33.f4 Qxh5 34.fxe5 Bc8 35.e6 Bxe6 36.g4 Qf7
37.Rf1 Qd7 38.Qd4+ Kg8 39.Rde1 Ng6 40.Qf6 Re8 41.Qg5 d5 42.Bg2 d4 43.Rxe6 Rxe6
44.Bd5 Kg7 45.Bxe6 Qxe6 46.Qf5 Qxf5 47.gxf5 Ne5 48.Kg3 d3 49.Kf2 Kf6 50.Ke3 c3
51.Kd4 c2 52.Kc3 h5 53.Kd2 h4 54.Rh1 Kxf5 55.Kc1 Kf4 56.Rf1+  0-1

[Event "17th Bosnjaci Open"]
[Site "Bosnjaci CRO"]
[Date "2012.01.04"]
[Round "2.19"]
[White "Bosnjak,N"]
[Black "Abaza,I"]
[Result "1-0"]
[WhiteElo "2240"]
[BlackElo "1997"]

1.d4 Nf6 2.c4 e6 3.Nf3 Bb4+ 4.Bd2 Bxd2+ 5.Qxd2 O-O 6.Nc3 d5 7.Qf4 c6 8.e3 Nbd7
9.cxd5 exd5 10.Bd3 Re8 11.O-O Nf8 12.Ne5 Ng6 13.Bxg6 fxg6 14.b4 Rf8 15.Qg5 Bf5
16.f3 Nd7 17.Qxd8 Raxd8 18.Nxd7 Bxd7 19.Rac1 a6 20.a4 b5 21.Ra1 Rfe8 22.Kf2 Kf7
23.axb5 axb5 24.Ra6 Ra8 25.Rfa1 Rxa6 26.Rxa6 Ke7 27.Ne2 Kd6 28.Ra7 Re7 29.Nc1 Bf5
30.Ra8 Kc7 31.Nb3 Kb7 32.Ra1 Kb6 33.g4 Bd3 34.Nc5 Bc4 35.Ra6+ Kc7 36.e4 dxe4
37.fxe4 Rf7+ 38.Ke3 h6 39.d5 cxd5 40.e5 Re7 41.Kd4 g5 42.e6 Be2 43.Kxd5 Bxg4
44.Rc6+ Kd8 45.Kd6 Ra7 46.Rb6 Ra8 47.Rxb5 Ke8 48.Rb7 Rd8+ 49.Nd7 g6 50.b5 h5
51.Rb8 Be2 52.Rxd8+ Kxd8 53.e7+ Ke8 54.Nf6+  1-0

[Event "24th Staufer-Open"]
[Site "Schwaebisch Gmuend GER"]
[Date "2012.01.05"]
[Round "8"]
[White "Ikonnikov,Vy"]
[Black "Meijers,V"]
[Result "1/2-1/2"]
[WhiteElo "2531"]
[BlackElo "2477"]

1.d4 Nf6 2.Nf3 e6 3.c4 Bb4+ 4.Bd2 a5 5.g3 b6 6.Bg2 Bb7 7.O-O Bxd2 8.Qxd2 O-O
9.Nc3 Ne4 10.Nxe4 Bxe4 11.Qf4 f5 12.Rfd1 Na6 13.Rac1 Qf6 14.g4 d6 15.gxf5 exf5
16.Qh4 Rae8  1/2-1/2

[Event "TCh-CZE Extraliga 2011-12"]
[Site "Czech Republic CZE"]
[Date "2012.01.07"]
[Round "5.2"]
[White "Maslik,M"]
[Black "Stocek,J"]
[Result "1/2-1/2"]
[WhiteElo "2356"]
[BlackElo "2600"]

1.d4 Nf6 2.Nf3 e6 3.c4 Bb4+ 4.Bd2 a5 5.g3 d5 6.Bg2 O-O 7.O-O h6 8.Qc2 Re8
9.Rd1 b6 10.Ne5 Bb7 11.e3 Bd6 12.Nc3 Na6 13.Nb5 Bf8 14.cxd5 exd5 15.Nc6 Bxc6
16.Qxc6 Re6 17.Qc2 c6 18.Nc3 Qe8 19.Rac1 b5 20.Ne2 Bb4 21.Nf4 Rd6 22.a3 Bxd2
23.Qxd2 Nb8 24.Qc2 Nbd7 25.Nd3 Nb6 26.Qc5 Nc8 27.Ne5 Nd7 28.Nxd7 Qxd7 29.e4 dxe4
30.Bxe4 Ne7 31.Bf3 Rd8 32.Kg2 a4 33.Re1 Rc8 34.Bg4 f5 35.Bf3 Rf8 36.Re5 f4
37.Bg4 Qd8 38.Rc3 fxg3 39.hxg3 Ng6 40.Re6 Rxe6 41.Bxe6+ Kh8 42.Bf5 Ne7 43.Be4 Rf6
44.Rf3 Rxf3 45.Bxf3 Qd7 46.Be4 Kg8 47.Qe5 Kf7 48.Qf4+ Ke8 49.Qe5 Kf7 50.Qf4+ Ke8
51.Qe5 Kf7  1/2-1/2

[Event "20th Fajr Open"]
[Site "Tabriz IRI"]
[Date "2012.01.18"]
[Round "9.1"]
[White "Azaladze,S"]
[Black "Ghaem Maghami,E"]
[Result "1/2-1/2"]
[WhiteElo "2403"]
[BlackElo "2570"]

1.d4 Nf6 2.Nf3 e6 3.c4 Bb4+ 4.Bd2 a5 5.a3 Bxd2+ 6.Qxd2 O-O 7.Nc3 d6 8.e3 Qe7
9.Qc2 e5 10.d5 Na6 11.Be2 Nc5 12.b3 Bg4 13.O-O Bh5 14.Nd2 Bxe2 15.Nxe2 c6
16.Nc3 Rfc8 17.dxc6 bxc6 18.b4 Ne6 19.Nde4 Nxe4 20.Qxe4 Qb7 21.b5 Nc5 22.Qc2 cxb5
23.Nxb5 Qe4 24.Qxe4 Nxe4 25.Rfd1 Rxc4 26.Nxd6 Nxd6 27.Rxd6 Rac8 28.h3 f6
29.Rd5 R4c5 30.Rad1 h5  1/2-1/2

[Event "12th ch-CRO"]
[Site "Opatija CRO"]
[Date "2012.01.19"]
[Round "3.4"]
[White "Kozul,Z"]
[Black "Palac,M"]
[Result "0-1"]
[WhiteElo "2601"]
[BlackElo "2572"]

1.d4 Nf6 2.c4 e6 3.Nf3 Bb4+ 4.Bd2 Qe7 5.g3 Bxd2+ 6.Qxd2 Nc6 7.Nc3 d5 8.Ne5 dxc4
9.Bg2 Nxe5 10.dxe5 Nd7 11.f4 O-O 12.O-O-O Nb6 13.h4 Rb8 14.h5 Bd7 15.h6 g6
16.Ne4 Ba4 17.Nf6+ Kh8 18.Rdg1 Rfd8 19.Qa5 Rd4 20.Ne4 Bc6 21.Qc5 Qxc5 22.Nxc5 Bxg2
23.Rxg2 Nd5 24.Rf2 b6 25.Na4 Rd8 26.Rf3 Kg8 27.Re1 f5 28.Nc3 Nxc3 29.Rxc3 c5
30.e3 Rd2 31.Rxc4 Rg2 32.Rc2 Rxg3 33.b4 Rh3 34.bxc5 bxc5 35.Rxc5 Rxh6 36.Rc7 a5
37.Re2 Rh1+ 38.Kb2 Rhd1 39.Re7 Rb8+ 40.Ka3 Rb4 41.Rb2 Rd3+ 42.Rb3 Rbxb3+
43.axb3 Rxe3 44.Rxe6 Re4 45.Ra6 Rxf4 46.Rxa5 Re4 47.b4 f4 48.b5 Rxe5 49.Kb4 f3
50.b6 Re1 51.Ra3 f2 52.b7 f1=Q 53.b8=Q+ Qf8+  0-1

[Event "10th Parsvnath Open"]
[Site "New Delhi IND"]
[Date "2012.01.20"]
[Round "8.13"]
[White "Rajesh,VA"]
[Black "Neelotpal,D"]
[Result "1/2-1/2"]
[WhiteElo "2338"]
[BlackElo "2471"]

1.d4 Nf6 2.c4 e6 3.Nf3 Bb4+ 4.Bd2 Qe7 5.Nc3 O-O 6.e3 b6 7.Bd3 Bb7 8.O-O d6
9.a3 Bxc3 10.Bxc3 Ne4 11.Bxe4 Bxe4 12.Nd2 Bb7 13.e4 f5 14.exf5 Rxf5 15.Qe2 Nd7
16.Rae1 Re8 17.d5 Nf8 18.f4 Rf7 19.Qg4 Qd7 20.Ne4 e5 21.Qg3 exf4 22.Qxg7+ Rxg7
23.Nf6+ Kf7 24.Nxd7 Rxe1 25.Rxe1 Rg8 26.Nf6 Rg6 27.Ne4 b5 28.b3 bxc4 29.bxc4 Ba6
30.Rf1 Ke7 31.Rxf4 Bxc4 32.Nxd6 Bxd5 33.Nf5+ Ke8 34.Ng7+ Ke7 35.Bb4+ Kd7
36.Bxf8 Rxg2+ 37.Kf1 Rxh2 38.Rd4 c6 39.Ra4 a6 40.Rb4 Rh3 41.Rb8 h5 42.Bc5 Rf3+
43.Ke2 h4 44.Rb7+ Kd8 45.Ra7 Rf7 46.Rxf7 Bxf7  1/2-1/2

[Event "12th ch-CRO"]
[Site "Opatija CRO"]
[Date "2012.01.21"]
[Round "5.3"]
[White "Kozul,Z"]
[Black "Saric,A"]
[Result "1-0"]
[WhiteElo "2601"]
[BlackElo "2528"]

1.d4 Nf6 2.Nf3 e6 3.c4 Bb4+ 4.Bd2 Qe7 5.g3 Bxd2+ 6.Qxd2 Nc6 7.Nc3 d5 8.Bg2 dxc4
9.Ne5 Nxe5 10.dxe5 Nd7 11.Qd4 O-O 12.Rd1 Qb4 13.Rd2 a6 14.O-O Rb8 15.Rfd1 b5
16.Bc6 Nb6 17.Qh4 Bb7 18.Bxb7 Rxb7 19.Rd8 Rb8 20.a3 Qc5 21.Ne4 Rbxd8 22.Rxd8 Rxd8
23.Nxc5 Rd1+ 24.Kg2 g6 25.Qh6  1-0

[Event "ch-Belgrade 2012"]
[Site "Belgrade SRB"]
[Date "2012.01.22"]
[Round "1.3"]
[White "Lajthajm,B"]
[Black "Katic,G"]
[Result "1-0"]
[WhiteElo "2498"]
[BlackElo "2036"]

1.d4 Nf6 2.c4 e6 3.Nf3 Bb4+ 4.Bd2 c5 5.e3 O-O 6.Bd3 Nc6 7.O-O Bxd2 8.Qxd2 d6
9.Nc3 e5 10.d5 Ne7 11.Qc2 g6 12.Nd2 Nh5 13.Rae1 f5 14.f4 e4 15.Be2 Nf6 16.g4 h6
17.g5 Ne8 18.a3 h5 19.b4 Bd7 20.Rb1 b6 21.Rb3 a5 22.bxc5 dxc5 23.Rfb1 Nc8
24.R3b2 Ned6 25.Bd1 Ra6 26.Qc1 Qe8 27.Bc2 Rf7 28.Qd1 a4 29.Ra1 Ra5 30.Qe2 Kh7
31.Rc1 Re7 32.Ndb1 Kh8 33.Nd1 Kh7 34.Nbc3 Kg8 35.Rbb1 Kh7 36.Nb2 Kg8 37.Qd1 Kh7
38.Ncxa4 Nxc4 39.Nxc4 Bxa4 40.Nxa5  1-0

[Event "ch-Belgrade w 2012"]
[Site "Belgrade SRB"]
[Date "2012.01.25"]
[Round "4.3"]
[White "Panic,A"]
[Black "Miladinovic,L"]
[Result "1/2-1/2"]
[WhiteElo "1928"]
[BlackElo "2078"]

1.d4 Nf6 2.c4 e6 3.Nf3 Bb4+ 4.Bd2 Qe7 5.g3 Nc6 6.Bg2 Bxd2+ 7.Qxd2 Ne4 8.Qc2 Qb4+
9.Nc3 Nxc3 10.Qxc3 Qxc3+ 11.bxc3 d6 12.O-O Na5 13.Nd2 O-O 14.Rfb1 Rb8 15.Rb2 c5
16.d5 e5 17.Bf1 b6 18.e3 Ba6 19.Kg2 f5 20.f4 Rbe8 21.Kf2 Re7 22.Rbb1 Rfe8
23.Re1 h6 24.h4 g6 25.Bd3 Kg7 26.Rab1 e4 27.Be2 Rb8 28.Rg1 h5 29.Rb2 Kf6
30.Rgb1 Rc7 31.Bf1 Re7 32.Be2 Rc7  1/2-1/2

[Event "ch-Belgrade 2012"]
[Site "Belgrade SRB"]
[Date "2012.01.26"]
[Round "5.3"]
[White "Lajthajm,B"]
[Black "Certic,B"]
[Result "1-0"]
[WhiteElo "2498"]
[BlackElo "2404"]

1.d4 Nf6 2.c4 e6 3.Nf3 Bb4+ 4.Bd2 a5 5.g3 O-O 6.Bg2 d5 7.a3 Be7 8.Qc2 b6
9.cxd5 exd5 10.Bf4 c5 11.Nc3 Ba6 12.Rd1 Nc6 13.dxc5 bxc5 14.O-O Re8 15.Rfe1 Bf8
16.Bg5 d4 17.Na4 h6 18.Bxf6 Qxf6 19.Nb6 Nb4 20.axb4 Qxb6 21.bxa5 Qxa5 22.Ne5 Rac8
23.Nc4 Qb5 24.b3 Rb8 25.Rb1 Bc8 26.e4 dxe3 27.Nxe3 Be6 28.Bf1 Qb7 29.Bc4 Rbd8
30.Bxe6 Rxe6 31.Nc4 Rde8 32.Rxe6 Rxe6 33.Ne3 g6 34.Rd1 Kh7 35.Rd3 Qe4 36.Qd1 h5
37.Rd7 Rf6 38.Qd5 Qxd5 39.Nxd5 Rf5  1-0

[Event "15th Metropolitan IM"]
[Site "Los Angeles USA"]
[Date "2012.01.26"]
[Round "2"]
[White "Kudryavtsev,V"]
[Black "Kavutskiy,K"]
[Result "0-1"]
[WhiteElo "2151"]
[BlackElo "2315"]

1.d4 Nf6 2.c4 e6 3.Nf3 Bb4+ 4.Bd2 c5 5.Bxb4 cxb4 6.Nbd2 O-O 7.Qc2 d6 8.e3 Nc6
9.Bd3 e5 10.O-O Bg4 11.h3 Bxf3 12.Nxf3 b3 13.Qxb3 e4 14.Bxe4 Nxe4 15.Qxb7 Qc8
16.Qxc8 Rfxc8 17.Rfc1 a5 18.Kf1 a4 19.Ke2 Rab8 20.Rab1 Nb4 21.Ra1 Rc7 22.Ne1 Rcb7
23.f3 Nf6 24.Rc3 h5 25.Ra3 Ra7 26.Kd2 d5 27.c5 Kf8 28.b3 Rba8 29.Kc3 Nc6
30.b4 Rb7 31.Rb1 Rb5 32.g4 hxg4 33.hxg4 Ne8 34.Nc2 Nc7 35.Re1 Rbb8 36.Kd2 Nxb4
37.Rb1 Nxc2 38.Rxb8+ Rxb8 39.Kxc2 Rb4  0-1

[Event "12th ch-CRO"]
[Site "Opatija CRO"]
[Date "2012.01.26"]
[Round "10.2"]
[White "Saric,A"]
[Black "Palac,M"]
[Result "1/2-1/2"]
[WhiteElo "2528"]
[BlackElo "2572"]

1.d4 Nf6 2.c4 e6 3.Nf3 Bb4+ 4.Bd2 Bxd2+ 5.Qxd2 O-O 6.Nc3 d5 7.e3 Qe7 8.Rc1 Rd8
9.cxd5 exd5 10.Bd3 Nbd7 11.O-O  1/2-1/2

[Event "Gibraltar Open"]
[Site "Caleta ENG"]
[Date "2012.01.27"]
[Round "4.114"]
[White "Groffen,H"]
[Black "Lundback,Karl"]
[Result "0-1"]
[WhiteElo "2204"]
[BlackElo "1907"]

1.d4 Nf6 2.c4 e6 3.Nf3 Bb4+ 4.Bd2 Qe7 5.g3 O-O 6.Nc3 d5 7.Bg2 c6 8.cxd5 exd5
9.O-O Nbd7 10.a3 Bxc3 11.Bxc3 Re8 12.Re1 Ne4 13.Bb4 Qf6 14.a4 a5 15.Ba3 b5
16.axb5 cxb5 17.Bb4 Qb6 18.e3 Bb7 19.Bd2 b4 20.Qb3 Bc6 21.Rec1 Reb8 22.Qc2 Rc8
23.Bh3 b3 24.Qd1 Rc7 25.Qe1 Rca7 26.Kg2 Qb5 27.Rxa5 Rxa5 28.Bxa5 Rxa5 29.Rxc6 Qxc6
30.Qxa5 Nf8 31.Ne1 Qc1 32.Qxd5 Nd2 33.Bd7 Qxe1 34.Bb5 Qc1 35.g4 Qc2 36.Bc6 h6
37.h4 Qd1 38.Qf5 Qc2 39.Qd5 Nc4 40.Kg3 Nxb2 41.Be8 Qc7+ 42.f4 Nc4 43.Qe4 b2
44.Qc2 Qb7  0-1

[Event "17th HIT Open A"]
[Site "Nova Gorica SLO"]
[Date "2012.01.28"]
[Round "3"]
[White "Furlan,Ales"]
[Black "Feltrin,Kris"]
[Result "1-0"]
[WhiteElo "2029"]
[BlackElo "1644"]

1.d4 Nf6 2.c4 e6 3.Nf3 Bb4+ 4.Bd2 Qe7 5.a3 Bxd2+ 6.Nbxd2 d6 7.e3 Nc6 8.Be2 a5
9.O-O O-O 10.Qc2 e5 11.dxe5 dxe5 12.Bd3 h6 13.Bf5 Bxf5 14.Qxf5 Rad8 15.Rad1 Nd7
16.Ne4 Nc5 17.Nc3 Qe6 18.Qxe6 Nxe6 19.Rd5 f6 20.Rfd1 b6 21.Kf1 Rfe8 22.Ke2 Ne7
23.Rd7 Nc8 24.Rxd8 Rxd8 25.Rxd8+ Nxd8 26.c5 Kf7 27.Kd3 Nb7 28.cxb6 cxb6 29.Ke4 Nbd6+
30.Kd5 Ke7 31.Kc6 Nc4 32.Nd1 g5 33.Ne1 h5 34.Nc2 Ke6 35.b4 N4d6 36.Nc3 f5
37.f3 h4 38.e4 fxe4 39.fxe4 g4 40.Ne3 g3 41.hxg3 hxg3  1-0

[Event "17th HIT Open A"]
[Site "Nova Gorica SLO"]
[Date "2012.01.28"]
[Round "3"]
[White "Zupancic,J"]
[Black "Jovanic,O"]
[Result "0-1"]
[WhiteElo "2160"]
[BlackElo "2483"]

1.d4 Nf6 2.c4 e6 3.Nf3 Bb4+ 4.Bd2 c5 5.e3 O-O 6.Be2 Bxd2+ 7.Qxd2 cxd4 8.exd4 d5
9.Nc3 dxc4 10.Ne5 Bd7 11.O-O Bc6 12.Nxc4 Nbd7 13.Rfd1 Nb6 14.Ne5 Rc8 15.Rac1 Qe7
16.a3 a6 17.Nxc6 Rxc6 18.Bf3 Rd6 19.Ne4 Nxe4 20.Bxe4 Rfd8 21.Qb4 g6 22.Bf3 R8d7
23.g3 Qd8 24.Qc5 Kg7 25.Kg2 Nd5 26.Bxd5 Rxd5 27.Qb4 e5 28.Rc4 Rxd4 29.Rcxd4 exd4
30.Rd3 Qf6 31.Qc4 Qe5 32.h4 h5 33.b3 Qe4+ 34.Kg1 f5 35.a4 f4 36.Qc8 Rf7 37.Qc4 fxg3
38.Qxd4+ Qxd4 39.Rxd4 gxf2+ 40.Kf1 b5 41.a5 Rf6 42.b4 Kf7 43.Re4 Rf5 44.Rd4 Ke6
45.Rd8 Ke5 46.Ra8 Rf6 47.Re8+ Kf5 48.Kxf2 Kg4+ 49.Kg2 Kxh4 50.Rb8 Kg4 51.Rb6 Kf5
52.Kg3 g5 53.Kh3 Ke5  0-1

[Event "ch-TUR 2012"]
[Site "Kemer TUR"]
[Date "2012.01.29"]
[Round "1"]
[White "Buker,M"]
[Black "Bucak,Mehmet"]
[Result "1-0"]
[WhiteElo "2080"]
[BlackElo "1555"]

1.d4 Nf6 2.c4 e6 3.Nf3 Bb4+ 4.Bd2 Qe7 5.a3 Bxd2+ 6.Nbxd2 b6 7.e4 Bb7 8.Bd3 d6
9.O-O h6 10.Rc1 Nbd7 11.Ne1 O-O 12.f4 e5 13.fxe5 dxe5 14.d5 Nc5 15.b4 Nxd3
16.Nxd3 a5 17.Rf5 Nd7 18.Qb3 Bc8 19.Qc3 f6 20.c5 axb4 21.axb4 bxc5 22.bxc5 Rf7
23.Rf2 Nf8 24.Nc4 Nh7 25.d6 cxd6 26.Nb6 Rb8 27.cxd6 Qe6 28.Nxc8 Rb3 29.Qc2 Ng5
30.Nc5  1-0